• 首页
  • 本馆介绍
  • 公告通知
  • 最新文献
  • 馆藏检索
  • 电子资源
  • 读者导购
  • 参考咨询
  • 我的图书馆
  • 登录
  • 详细信息显示
  • 放入我的书架
  • 预约/预借图书
  • 作者相关作品
  • 分类相关作品
  • 丛书相关作品
  • 出版社相关作品

书目信息

  • 表格格式
  • 工作单格式
  • 卡片格式
题名:
家常凉菜
    
 
作者: “现代人·大众美食系列”编写组编
分册:  
出版信息: 北京   中国轻工业出版社  2007
页数: 80页
开本: 19cm
丛书名: 现代人
单 册:
中图分类: TS972.121
科图分类:
主题词: 凉菜--菜谱--中国 , 凉菜 , 菜谱
电子资源:
ISBN: 978-7-5019-5410-0
000 00775oam2 2200265 450
001 1570151168
005 20150207192927.31
010    @a978-7-5019-5410-0@dCNY10.00
100    @a20070228d2007 em y0chiy50 ea
101 0  @achi
102    @aCN@b110000
105    @aa z 000yy
200 1  @a家常凉菜@9jia chang liang cai@f“现代人·大众美食系列”编写组编
210    @a北京@c中国轻工业出版社@d2007
215    @a80页@c彩图@d19cm
225 2  @a现代人@i大众美食系列
330    @a本书分凉菜基础和家常凉菜两大部分,用了大量实例介绍了凉菜的制作方法。
461  0 @12001 @a现代人
462  0 @12001 @a大众美食系列
606 0  @a凉菜@x菜谱@y中国
606 0  @a凉菜
606 0  @a菜谱
690    @aTS972.121@v5
801  0 @aCN@bTSSF@c20150207
905    @aZUCC@dTS972.121@eJY1
    
    家常凉菜/“现代人·大众美食系列”编写组编.-北京:中国轻工业出版社,2007
    80页:彩图;19cm.-(现代人.大众美食系列)
    
    
    ISBN 978-7-5019-5410-0:CNY10.00
    本书分凉菜基础和家常凉菜两大部分,用了大量实例介绍了凉菜的制作方法。
●
相关链接 在E读中查询图书 在五车中查询图书 在当当中查询图书 在豆瓣中查询图书


正题名:家常凉菜     索取号:TS972.121/JY1         预约/预借

序号 登录号 条形码 馆藏地/架位号 状态 备注
1 7862610   278626104   学院路分馆/ [索取号:TS972.121/JY1] 在馆    
唐山师范学院图书馆 欢迎您!
大连网信软件有限公司© 版权所有